Automatizácia účtovníctva

Bibliographic Details
Main Author: Látečková, Anna, 1965- (Author)
Other Authors: Bolek, Vladimír, 1988- (Reviewer), Víglaská, Michaela (Reviewer)
Format: Book
Language:Slovak
PhysicalDescription:95 strán schémy 24 cm
Published: Nitra Slovenská poľnohospodárska univerzita v Nitre 2024
ISBN:9788055227320
Edition:Vydanie prvé
Subjects:

MARC

LEADER 00000cam a2200000 4500
001 vtls012262811
003 SK-MaSNL
005 20260301152124.0
008 240826s2024 xo l f np 000 0 slo
015 |a SNBA2024/11 
020 |a 9788055227320  |q (brožované) 
040 |a SNK  |b slo  |c SNK  |e rda 
041 0 |a slo 
044 |a xo  |c SK 
072 7 |a 657  |x Účtovníctvo  |2 konspekt 
072 7 |a 37.016  |x Učebné osnovy. Vyučovacie predmety. Učebnice  |2 konspekt 
080 |a 657  |2 2011 
080 |a 004.9:657  |2 2001 
080 |a [007+004]:658  |2 2011 
080 |a 681.5  |2 2011 
080 |a (075.8)  |2 2011 
100 1 |a Látečková, Anna,  |d 1965-  |4 aut  |9 188597 
245 1 0 |a Automatizácia účtovníctva  |c Anna Látečková 
250 |a Vydanie prvé 
264 1 |a Nitra  |b Slovenská poľnohospodárska univerzita v Nitre  |c 2024 
300 |a 95 strán  |b schémy  |c 24 cm 
336 |a text  |b txt  |2 rdacontent 
337 |a bez média  |b n  |2 rdamedia 
338 |a zväzok  |b nc  |2 rdacarrier 
366 |e 120 kusov 
504 |a Obsahuje bibliografiu na strane 93-95 
650 0 7 |a účtovníctvo  |2 SNKPH  |9 649 
650 0 7 |a účtovný softvér  |2 SNKPH  |9 106201 
650 0 7 |a podnikové informačné systémy  |2 SNKPH  |9 68605 
650 0 7 |a automatizácia  |2 SNKPH  |9 1428 
650 0 7 |a Accounting  |2 SNKPHeng  |9 266872 
650 0 7 |a Accounting software  |2 SNKPHeng  |9 511897 
650 0 7 |a Management information systems  |2 SNKPHeng  |9 329215 
650 0 7 |a Automation  |2 SNKPHeng  |9 277006 
655 7 |a učebnice vysokých škôl  |2 SNKPH  |9 70191 
655 7 |a Textbooks (higher)  |2 SNKPHeng  |9 276436 
700 1 |a Bolek, Vladimír,  |d 1988-  |4 rev  |9 188548 
700 1 |a Víglaská, Michaela  |4 rev  |9 511898 
852 |a Slovenská národná knižnica 
919 |a 978-80-552-2732-0 
954 |a odborná, vedecká literatúra pôvodná (slovenská)  |2 lita 
958 |a NB 
999 |c 788439  |d 790369 
952 |a SNK  |b SNK  |y PREZ  |7 0  |p 17A1553649  |o snkSC 208387  |i snk2024/16542  |8 0  |0 0  |1 0  |4 0  |d 2024-10-28  |l 0  |r 2025-10-31 00:00:00  |w 2026-02-24 
952 |a SNK  |b SNK  |y VYP  |7 0  |p 17A1562036  |o snkSC 208387 D1  |i snk2024/17174  |8 3  |g 13.80  |0 0  |1 0  |4 0  |d 2024-11-12  |l 0  |r 2026-02-24 01:27:32  |w 2026-02-24